NBA championship players quiz - Statistics

General Stats
  • This quiz has been taken 286 times
  • The average score is 13 of 16
Answer Stats
Question Tile Select % Correct
which of these players has won an NBA championship.( select all that apply) Charles Barkley No
97%
which of these players has won an NBA championship.( select all that apply) Kevin Durant Yes
97%
which of these players has won an NBA championship.( select all that apply) Reggie Miller No
96%
which of these players has won an NBA championship.( select all that apply) Ray Allen Yes
95%
which of these players has won an NBA championship.( select all that apply) Allen Iverson No
94%
which of these players has won an NBA championship.( select all that apply) Steve Kerr Yes
93%
which of these players has won an NBA championship.( select all that apply) Penny Hardaway No
92%
which of these players has won an NBA championship.( select all that apply) Chris Webber No
91%
which of these players has won an NBA championship.( select all that apply) Steve Nash No
87%
which of these players has won an NBA championship.( select all that apply) Dominique Wilkins No
85%
which of these players has won an NBA championship.( select all that apply) Patrick Ewing No
84%
which of these players has won an NBA championship.( select all that apply) Javale McGee Yes
76%
which of these players has won an NBA championship.( select all that apply) Kendrick Perkins Yes
69%
which of these players has won an NBA championship.( select all that apply) Serge Ibaka Yes
66%
which of these players has won an NBA championship.( select all that apply) Elgin Baylor No
58%
which of these players has won an NBA championship.( select all that apply) Gary Payton No
45%
No matching quizzes found
Score Distribution
Percent of People with Each Score
Percentile by Number Answered
Your Score History
You have not taken this quiz